000 01136cam a22003494a 4500
942 _cBK
999 _c526
_d526
001 15162414
003 OSt
005 20250420134814.0
008 080131r20081963nyua 001 0 eng
010 _a 2008004707
020 _a9780486466637
035 _a(OCoLC)ocn191245750
035 _a(OCoLC)191245750
040 _aDLC
_cKCST
050 0 0 _aQA402
_b.Z3 2008
082 0 0 _a003.74
_222
_bZa Li
100 1 _aZadeh, Lotfi A.
_q(Lotfi Asker)
_94830
245 1 0 _aLinear system theory :
_bthe state space approach /
_cLofti A. Zadeh, Charles A. Desoer.
250 _aDover ed.
260 _aMineola, N.Y. :
_bDover Publications,
_cc2008.
300 _axxi, 627 p. :
_bill. ;
_c24 cm.
440 0 _aDover books on engineering
_94831
500 _aOriginally published: New York : McGraw-Hill Book, 1963.
500 _aIncludes index.
650 0 _aSystem analysis.
_94832
650 0 _aLinear systems.
_94833
650 0 _aState-space methods.
_94834
700 1 _aDesoer, Charles A.
_94835
856 4 2 _3Publisher description
_uhttp://www.loc.gov/catdir/enhancements/fy0809/2008004707-d.html
942 _2ddc